The Routledge international handbook of community psychology: (Record no. 39303)
[ view plain ]
| 000 -LEADER | |
|---|---|
| fixed length control field | 02503cam a22001818i 4500 |
| 020 ## - INTERNATIONAL STANDARD BOOK NUMBER | |
| ISBN | 9780367344153 |
| 020 ## - INTERNATIONAL STANDARD BOOK NUMBER | |
| ISBN | 9781032160917 |
| 082 00 - DEWEY DECIMAL CLASSIFICATION NUMBER | |
| Classification number | RR.362.22 |
| Item number | ROU- |
| 245 04 - TITLE STATEMENT | |
| Title | The Routledge international handbook of community psychology: |
| Sub Title | facing global crises with hope/ |
| Statement of responsibility, etc | edited by Carolyn Kagan, Jacqueline Akhurst, Jaime Alfaro, Rebecca Lawthom, Michael Richards, Alba Zambrano. |
| 260 ## - PUBLICATION, DISTRIBUTION, ETC. (IMPRINT) | |
| Place of publication | New York: |
| Name of publisher | Routledge, |
| Year of publication | 2022. |
| 300 ## - PHYSICAL DESCRIPTION | |
| Number of Pages | xxiv, 386p. |
| 504 ## - BIBLIOGRAPHY, ETC. NOTE | |
| Bibliography, etc | Includes bibliographical references and index. |
| 520 ## - SUMMARY, ETC. | |
| Summary, etc | "This handbook offers a unique critical, and cross-disciplinary approach to the study of community psychology, showing how it can address the systemic challenges arising from multiple crises facing people across the world. Addressing some of the most pressing issues of our times, the text shows how community psychology can contribute to principled social change, giving voice, enabling civic participation, and supporting the realignment of social and economic power within planetary boundaries. Featuring a collaboration of contributions from world-leading academics, early career researchers and community leaders, each chapter gives theory and context with practical examples of working with those living in precarious situations, on matters that concern them most, and highlights positive ways to contribute to progressive change. The editors examine economic, ecological, demographic, gender, violence, energy, social and cultural, and political crises in relation to psychological theories, as well as public policy and lived experiences, presenting an approach situated at the intersection of public policy and lived experiences. Viewed through four different perspectives or lenses: a critical lens; a praxis lens; an ecological lens; and a reflective lens, this compendium of critical explorations into community psychology shows how it can contribute to a fairer, more just, resilient, and sustainable world. Also examining the lessons learnt from the COVID-19 pandemic about the pervading nature of social inequality, but also the potential of solidarity movements ranging from local to international levels, this is ideal reading for undergraduate and postgraduate students and scholars in community psychology and related areas, including social psychology, clinical psychology, and applied psychology"-- |
| 650 #0 - SUBJECT ADDED ENTRY--TOPICAL TERM | |
| Topical Term | Community psychology |
| Form subdivision | Handbooks, manuals, etc. |
| 700 1# - ADDED ENTRY--PERSONAL NAME | |
| Personal name | Kagan, Carolyn |
| Relator term | editor. |
| 700 1# - ADDED ENTRY--PERSONAL NAME | |
| Personal name | Akhurst, Jacqueline |
| 942 ## - ADDED ENTRY ELEMENTS (KOHA) | |
| Source of classification or shelving scheme | Dewey Decimal Classification |
| Koha item type | Books |
| Withdrawn status | Lost status | Damaged status | Not for loan | Home library | Current library | Date acquired | Source of acquisition | Cost, normal purchase price | Bill Date | Full call number | Accession Number | Cost, replacement price | Price effective from | Koha item type |
|---|---|---|---|---|---|---|---|---|---|---|---|---|---|---|
| NASSDOC Library | NASSDOC Library | 21/03/2024 | Overseas Press India Private Limited | 2976.82 | 20-03-2024 | RR.362.22 ROU- | 54389 | 4579.72 | 24/05/2024 | Books |
